000 00779cab a22002055a 4500
001 L141343
008 071116e20071109xxkao f s 000 0 eng d
035 _a(Sirsi) u141343
041 0 _aeng
100 1 _aHipwell, Deirdre
245 0 0 _aRegional report
_bKing's Cross, Euston and Midtown
260 _c2007
490 0 _aProperty Week
_v72(45) 9 November 2007, 125-133(6)
520 _aReports on local market news and developments; Sainsbury's decision to relocate from Holborn to King's Cross; how redevelopment in Midtown is changing perceptions of the area; lessons from student accomodation developments.
590 _aka
651 4 _aUnited Kingdom
_y
690 _aPROPERTY-COMMERCIAL PROPERTY-COMMERCIAL PROPERTY MARKET
700 1 _aHatcher, David
942 _n0
999 _c79462
_d79462